| 000 | 00522nam a22001697a 4500 | ||
|---|---|---|---|
| 005 | 20260203161433.0 | ||
| 008 | 260203b |||||||| |||| 00| 0 eng d | ||
| 020 | _a978-93-93330-65-9 | ||
| 100 | _aSAXENA, SONAL | ||
| 245 | _aANANTHANARAYAN AND PANIKER'S TEXTBOOK OF MICROBIOLOGY | ||
| 250 | _a13TH ED. | ||
| 260 |
_aTELANGANA, INDIA _bUNIVERSITIES PRESS _c2025 |
||
| 300 | _aXXII,776P. | ||
| 500 | _aINCLUDES INDEX | ||
| 650 | _a1. MICROBIOLOGY (TEXTBOOKS0 2. PATHOGENIC MICRORGANISMS -TEXTBOOKS | ||
| 942 |
_2lcc _cBK |
||
| 999 |
_c216526 _d216526 |
||